Norwegian journal of linguistics. Norsk tidsskrift for sprogvidenskap.

Saved in:
Bibliographic Details
New Title:Nordic journal of linguistics.
Previous Title:Norsk tidsskrift for sprogvidenskap
Format: Journal
Language:English
Published: Oslo, Universitetsforlaget.
Subjects:
LEADER 01280cas a2200349 a 4500
001 c000157701
003 CARM
005 20020930143845.0
008 770311d19721977no fr p o 0 a0eng
010 |a 75646415 
019 1 |a 44760337  |z 931219  |z 44760339  |5 LACONCORD2021 
035 |a (OCoLC)1642200  |5 LACONCORD2021 
037 |b P.O. Box 307, Blindern, 3 
040 |a LC  |b eng  |c LC  |d LC 
041 0 |a engnor 
042 |a lc 
050 0 0 |a P25  |b .N62 
245 0 0 |a Norwegian journal of linguistics.  |b Norsk tidsskrift for sprogvidenskap. 
246 3 1 |a Norsk tidsskrift for sprogvidenskap 
260 |a Oslo,  |b Universitetsforlaget. 
300 |a 6 v.  |c 22 cm. 
310 |a Semiannual 
362 0 |a v. 26-31; 1972-77. 
546 |a English or Norwegian. 
650 0 |a Linguistics  |x Periodicals. 
780 0 0 |t Norsk tidsskrift for sprogvidenskap 
785 0 2 |t Nordic journal of linguistics.  |d Oslo, Universitetsforlaget, 1978-  |x 0332-5865  |w (DLC) 78646201 
852 8 |b CARM  |h A2:AJ33B0  |i B04964  |p 0218261  |f SE 
866 0 |a 26(1972)-31(1977) 
866 0 |a 26(1972)-31(1977) 
999 f f |i 64f471c9-40ec-5396-a7c9-d1fa30a3ad34  |s 51178d04-ca82-5c7d-857c-79f34232697f 
952 f f |p Can circulate  |a CAVAL  |b CAVAL  |c CAVAL  |d CARM 1 Store  |e B04964  |f A2:AJ33B0  |h Other scheme  |i book  |k 26(1972)-31(1977)  |m 0218261